Stanovenie kumarínov synchrónnou fluorescenčnou spektrometriou

Uložené v:
Podrobná bibliografia
Hlavný autor: Suchánková, Katarína (Autor)
Ďalší autori: Sádecká, Jana (Vedúci práce)
Médium: Rukopis Kniha
Jazyk:Slovak
Vydavateľské údaje: 2024
Predmet:
On-line prístup:http://is.stuba.sk/zp/portal_zp.pl?podrobnosti=176593
Tagy: Pridať tag
Žiadne tagy, Buďte prvý, kto otaguje tento záznam!

MARC

LEADER 00000ntm a22000003a 4500
001 stuzp98054
003 SK-STU
005 20240601210324.1
007 ta
008 150427s2015----xo-----f-mn---000-0-slo-d
040 |a STU  |b slo 
041 0 |a slo 
100 1 |a Suchánková, Katarína  |u 041000  |4 aut  |U FCHPT Fakulta chemickej a potravinárskej technológie  |T FCHPT Ústav analytickej chémie  |X 99083  |U C1000  |Y 99  |7 99083 
242 0 1 |a Determination of Coumarins by Synchronous Fluorescence Spectrometry  |y eng 
245 1 0 |a Stanovenie kumarínov synchrónnou fluorescenčnou spektrometriou 
260 |c 2024 
650 4 |a synchrónna fluorescencia  |2 slo 
650 4 |a PLS  |2 slo 
650 4 |a kumaríny  |2 slo 
650 4 |a kozmetika  |2 slo 
650 4 |a harmanček  |2 slo 
650 4 |a PLS  |2 eng 
650 4 |a coumarins  |2 eng 
650 4 |a cosmetics  |2 eng 
650 4 |a chamomile  |2 eng 
650 4 |a synchronous fluorescence  |2 eng 
700 1 |a Sádecká, Jana  |u 041000  |k Z1  |4 ths  |U FCHPT Fakulta chemickej a potravinárskej technológie  |T FCHPT Ústav analytickej chémie  |X 3383  |U C1000  |Y 99  |7 3383 
856 4 |u http://is.stuba.sk/zp/portal_zp.pl?podrobnosti=176593